Countries that Visit Germany the Most - Statistics

General Stats
  • This quiz has been taken 1,127 times
  • The average score is 9 of 10
Answer Stats
Rank Country # of visitors % Correct
6 France 1,725,854
97%
4 United Kingdom 2,551,061
97%
3 United States 2,558,495
97%
7 Italy 1,651,933
92%
1 Netherlands 4,477,100
91%
5 Austria 1,818,872
90%
9 Belgium 1,424,482
89%
2 Switzerland 3,115,456
88%
10 China 1,363,979
87%
8 Denmark 1,592,500
83%
No matching quizzes found
Score Distribution
Percent of People with Each Score
Percentile by Number Answered
Your Score History
You have not taken this quiz